Komparácia vývoja vkladov nefinančných spoločností v bankách na Slovensku a vo vybraných krajinách EÚ diplomová práca

Enregistré dans:
Détails bibliographiques
Auteur principal: Hallérová, Viktória
Collectivité auteur: Podnikovohospodárska fakulta EU so sídlom v Košiciach. Katedra ekonómie
Autres auteurs: Hvastová, Jozefína, 1969-
Format: Livre
Langue:slovaque
Publié: Košice 2021
Tags: Ajouter un tag
Pas de tags, Soyez le premier à ajouter un tag!

MARC

LEADER 00000nbm a2200000 4500
001 0274094
005 20240827092502.1
041 0 |a slo 
044 |a SK 
245 1 0 |a Komparácia vývoja vkladov nefinančných spoločností v bankách na Slovensku a vo vybraných krajinách EÚ  |b diplomová práca  |c Viktória Hallérová ; školiteľ: Jozefína Hvastová 
264 1 |a Košice  |c 2021 
300 |a 86 s. 
100 1 |a Hallérová, Viktória 
700 1 |a Hvastová, Jozefína, 1969- 
710 2 |a Podnikovohospodárska fakulta EU so sídlom v Košiciach. Katedra ekonómie